Gladiator: a hero will rise (Record no. 184601)

MARC details
000 -LÍDER
campo de controle de tamanho fixo 00344 a2200157 4500
001 - NÚMERO DE CONTROLE
campo de controle 184601
020 ## - ISBN - INTERNATIONAL STANDARD BOOK NUMBER
ISBN - International Standard Book Number 0-582-47117-6
040 ## - FONTE DA CATALOGAÇÃO
Instituição que transcreveu o registro Magnum
100 ## - ENTRADA PRINCIPAL--NOME PESSOAL
Nome pessoal Gram, Dewey
240 10 - TÍTULO UNIFORME
Título uniforme Gladiator: a hero will rise
Idioma da obra por
245 10 - TÍTULO
Título Gladiator: a hero will rise
300 ## - DESCRIÇÃO FÍSICA
Extensão 75
362 0# - DATAS DE PUBLICAÇÃO E/OU DESIGNAÇÃO SEQUENCIAL
Datas de publicação e/ou designação sequencial 2001
697 ## - ENTRADA DE ASSUNTO LOCAL--ENTIDADE COLETIVA (RLIN)
Nome corporativo ou nome da jurisdição LITERATURA INGLESA
942 ## - ELEMENTOS DE ENTRADA ADICIONADOS (KOHA)
Tipo de material Koha Livros
Holdings
Situação do descarte Situação das perdas Situação física Não pode ser emprestado Biblioteca de origem Biblioteca atual Data de aquisição Total de empréstimos Número de chamada completo Código de barras Data de último acesso Data do preço efetivo Tipo de material Koha
        Magnum Magnum 08/06/2024   890.1.17 MAG00044420 08/06/2024 08/06/2024 Livros
        Magnum Magnum 08/06/2024   890.1.17 MAG00044421 08/06/2024 08/06/2024 Livros
        Magnum Magnum 08/06/2024   890.1.17 MAG00044422 08/06/2024 08/06/2024 Livros
        Magnum Magnum 08/06/2024   890.1.17 MAG00044423 08/06/2024 08/06/2024 Livros
        Magnum Magnum 08/06/2024   890.1.17 MAG00044424 08/06/2024 08/06/2024 Livros
        Magnum Magnum 08/06/2024   890.1.17 MAG00044425 08/06/2024 08/06/2024 Livros